[Event "Challenge"]
[Site "http://www.queenalice.com/game.php?id=1608669"]
[Date "2020.4.21"]
[Round "-"]
[White "kd4hls"]
[Black "yellowski"]
[Result "0-1"]
[WhiteElo "1100"]
[BlackElo "1200"]

1. d4 d5 2. c4 c6 3. Bf4 e6 4. e3 Bd6 5. Bxd6 Qxd6 6. c5 Qe7 7. Nf3 Nf6 8. Bd3
Nbd7 9. O-O O-O 10. Nc3 e5 11. Re1 e4 12. Ng5 exd3 13. Qxd3 h6 14. Nf3 Ne4 15.
b4 a6 16. a4 Nxc3 17. Qxc3 Re8 18. b5 Nb8 19. b6 Bf5 20. Ne5 Nd7 21. Nd3 Bxd3
22. Qxd3 Qe4 23. Ra3 Qxd3 24. Rxd3 f5 25. g3 Nf6 26. f3 g5 27. Kg2 Re7 28. g4
fxg4 29. fxg4 Nxg4 30. h3 Nf6 31. Rf1 Rf8 32. Rf3 Ne4 33. Rd1 Rxf3 34. Kxf3 h5
35. Rg1 Rf7+ 36. Ke2 Kh7 37. Rg2 Kh6 38. Rh2 Nc3+ 39. Kd2 Ne4+ 40. Ke2 Kg6 41.
Rg2 Kf5 42. Kd3 g4 43. hxg4+ hxg4 44. a5 g3 45. Ke2 Kg4 46. Rg1 Rf2+ 0-1

[Event "Challenge"]
[Site "http://www.queenalice.com/game.php?id=1609395"]
[Date "2020.4.26"]
[Round "-"]
[White "JoseMessias"]
[Black "yellowski"]
[Result "0-1"]
[WhiteElo "1641"]
[BlackElo "1598"]

1. e4 e5 2. Bc4 Bc5 3. Qh5 Qf6 4. Bxf7+ Qxf7 5. Qxe5+ Qe7 6. d4 Qxe5 7. dxe5 Ne7
8. f4 Bxg1 9. Rxg1 b6 10. f5 Nec6 11. Bf4 Na6 12. Nc3 Bb7 13. Nd5 O-O-O 14.
O-O-O Nab4 15. a3 Nxd5 16. exd5 Ne7 17. d6 cxd6 18. f6 gxf6 19. exd6 Nf5 20. g4
Nh4 21. Rg3 Ng6 22. Be3 Ne5 23. Bd4 Rdg8 24. Bxe5 fxe5 25. Rc3+ Bc6 26. h3 Kb7
27. Re1 e4 28. Rc4 Rf8 29. a4 Rf4 30. b3 Rhf8 31. b4 Bxa4 32. Rc7+ Kb8 33. Rxd7
Bxd7 34. c4 Kb7 35. c5 bxc5 36. bxc5 Rc8 37. Kd2 Rxc5 38. Ke3 Rf3+ 39. Kxe4 Rxh3
40. Kd4 Kc6 41. Re6 Bxe6 0-1

[Event "Challenge"]
[Site "http://www.queenalice.com/game.php?id=1609396"]
[Date "2020.4.26"]
[Round "-"]
[White "JoseMessias"]
[Black "yellowski"]
[Result "0-1"]
[WhiteElo "1641"]
[BlackElo "1300"]

1. e4 e5 2. Bc4 Bc5 3. Qh5 Qf6 4. Bxf7+ Qxf7 5. Qxe5+ Qe7 6. Qxc7 Na6 7. Qf4 Bd6
8. Qf3 Nf6 9. d3 O-O 10. Bg5 Qf7 11. d4 Be7 12. e5 Ne8 13. Qxf7+ Rxf7 14. Nf3
Rxf3 15. gxf3 Bxg5 16. h4 Bf4 17. Nc3 d6 18. exd6 Nxd6 19. O-O Bd7 20. Nd5 Bh6
21. Ne7+ Kf7 22. Nd5 Nf5 23. Rae1 Re8 24. Rxe8 Bxe8 25. Re1 Bc6 26. Re5 g6 27.
f4 Bg7 28. Re2 Bxd5 29. a4 Nxd4 30. Rd2 Nf3+ 31. Kf1 Nxd2+ 32. Ke2 Ne4 33. f3
Ng3+ 34. Kf2 Nf5 35. b3 Nxh4 36. c4 Bxf3 37. Kg3 Bf6 38. Kf2 Bd1 39. b4 Nxb4 0-1

[Event "Challenge"]
[Site "http://www.queenalice.com/game.php?id=1609397"]
[Date "2020.4.26"]
[Round "-"]
[White "yellowski"]
[Black "Vetao"]
[Result "1-0"]
[WhiteElo "1485"]
[BlackElo "1647"]

1. e4 e5 2. Nf3 Bd6 3. Bc4 Qe7 4. Nc3 c6 5. a3 b6 6. d3 h6 7. h3 Ba6 8. Ba2 b5
9. Nh2 Nf6 10. O-O b4 11. axb4 Bxb4 12. Bd2 Bxc3 13. Bxc3 d6 14. f4 Nbd7 15. f5
O-O 16. Bxf7+ Rxf7 17. Rxa6 c5 18. Ng4 Nb8 19. Ra1 Nbd7 20. Qe2 Nxg4 21. Qxg4
Nf6 22. Qg6 c4 23. Rfd1 d5 24. Re1 Rd8 25. Qg3 d4 26. Bd2 Qc5 27. Bxh6 Kf8 28.
Bg5 Ke7 29. Bxf6+ gxf6 30. Kh2 a5 31. dxc4 Rd7 32. Qb3 Rg7 33. Qa3 d3 34. Qxc5+
1-0

[Event "Challenge"]
[Site "http://www.queenalice.com/game.php?id=1609548"]
[Date "2020.4.26"]
[Round "-"]
[White "yellowski"]
[Black "NOVAG91"]
[Result "1-0"]
[WhiteElo "1672"]
[BlackElo "1686"]

1. e4 e5 2. Nf3 Nc6 3. Bc4 Nf6 4. d3 Bc5 5. a3 Ng4 6. O-O O-O 7. h3 Nf6 8. Nc3
Nd4 9. Nh2 a6 10. Ne2 b5 11. Ba2 c6 12. Kh1 d5 13. Nxd4 exd4 14. e5 Nd7 15. f4
Be7 16. c3 Bc5 17. Nf3 dxc3 18. bxc3 Re8 19. d4 Ba7 20. Bb1 c5 21. f5 Bb8 22. f6
g6 23. Qd2 Nf8 24. Qh6 Qa5 25. Qg7# 1-0

[Event "Challenge"]
[Site "http://www.queenalice.com/game.php?id=1610043"]
[Date "2020.4.30"]
[Round "-"]
[White "yellowski"]
[Black "kd4hls"]
[Result "1/2-1/2"]
[WhiteElo "1701"]
[BlackElo "987"]

1. e4 e5 2. Bc4 Bc5 3. Nc3 Nf6 4. d3 O-O 5. Bg5 d6 6. h3 Nbd7 7. Nf3 Qe8 8. O-O
Nh5 9. Be3 Nb6 10. Bxc5 dxc5 11. Bb3 Bd7 12. Nh2 Nf4 13. Ne2 Nxe2+ 14. Qxe2 Na4
15. Rab1 Be6 16. f4 exf4 17. Rxf4 Nb6 18. Bxe6 Qxe6 19. b3 Nd7 20. Ng4 b6 21.
Rbf1 a5 22. a4 Ne5 23. Ne3 Rad8 24. Nd5 Rxd5 25. exd5 Qxd5 26. Qf2 g6 27. Rd1 c6
28. Re1 b5 29. Rfe4 Nd7 30. d4 c4 31. axb5 cxb5 32. bxc4 bxc4 33. c3 Kg7 34. Re8
a4 35. Rxf8 Kxf8 36. Qa2 Nb6 37. Qa3+ Kg7 38. Re5 Qc6 39. Qb4 Nd5 40. Rxd5 Qxd5
41. Qxa4 Qe6 42. Qb4 Qe3+ 43. Kh1 Qc1+ 44. Kh2 Qf4+ 45. Kg1 Qc1+ 46. Kh2 Qf4+
47. Kg1 1/2-1/2

[Event "Challenge"]
[Site "http://www.queenalice.com/game.php?id=1610051"]
[Date "2020.4.30"]
[Round "-"]
[White "yellowski"]
[Black "kd4hls"]
[Result "1-0"]
[WhiteElo "1672"]
[BlackElo "1025"]

1. e4 e5 2. Nf3 Nc6 3. Bc4 Bc5 4. Nc3 Nf6 5. d3 O-O 6. h3 d6 7. Bg5 Bb4 8. Nh2
h6 9. Bh4 Nd4 10. O-O Bd7 11. Nd5 Ba4 12. Ng4 Bxc2 13. Ngxf6+ Kh8 14. Qh5 Bd2
15. Ne3 1-0

[Event "Challenge"]
[Site "http://www.queenalice.com/game.php?id=1610054"]
[Date "2020.4.30"]
[Round "-"]
[White "JoseMessias"]
[Black "yellowski"]
[Result "1-0"]
[WhiteElo "1609"]
[BlackElo "1755"]

1. g3 e5 2. Bg2 c6 3. b3 Bc5 4. Bb2 f6 5. d4 exd4 6. Bxd4 Bxd4 7. Qxd4 Qe7 8.
Nf3 Nh6 9. Nh4 d6 10. Be4 Qe5 11. Qxe5+ fxe5 12. f4 d5 13. Bg2 e4 14. c4 Na6 15.
cxd5 cxd5 16. Nc3 Be6 17. Nb5 Kd7 18. O-O Nb4 19. a3 Nc6 20. f5 Bf7 21. f6 g6
22. Bh3+ Be6 23. Bxe6+ Kxe6 24. Nc7+ Kf7 25. Nxa8 Rxa8 26. g4 Nxg4 27. h3 Nxf6
28. Rf2 Rf8 29. Raf1 Ke7 30. Ng2 Nd4 31. Ne3 Ne6 32. Rxf6 1-0

[Event "Challenge"]
[Site "http://www.queenalice.com/game.php?id=1610055"]
[Date "2020.4.30"]
[Round "-"]
[White "yellowski"]
[Black "JoseMessias"]
[Result "1-0"]
[WhiteElo "1723"]
[BlackElo "1609"]

1. e4 b6 2. Nc3 Bb7 3. Nge2 g6 4. Ng3 Bg7 5. d3 Bxc3+ 6. bxc3 d5 7. f3 d4 8. c4
Qd7 9. f4 Qa4 10. f5 Qb4+ 11. Bd2 Qc5 12. a3 a5 13. Be2 e6 14. O-O Qc6 15. Bf3
e5 16. fxg6 hxg6 17. Bg4 f5 18. Nxf5 gxf5 19. Bh5+ Kd8 20. Rxf5 Ne7 21. Bg5 Kd7
22. Rf7 Kc8 23. Bg4+ Nd7 24. Rxe7 Rd8 25. Rh7 Qg6 26. Bxd7+ Rxd7 27. Rh8+ Rd8
28. Rxd8# 1-0

[Event "Invitation"]
[Site "http://www.queenalice.com/game.php?id=1612454"]
[Date "2020.5.15"]
[Round "-"]
[White "yellowski"]
[Black "kd4hls"]
[Result "1-0"]
[WhiteElo "1723"]
[BlackElo "1099"]

1. e4 e5 2. Nf3 Nc6 3. Bc4 Bc5 4. Nc3 Nf6 5. d3 O-O 6. Bg5 Be7 7. Bxf6 Bxf6 8.
a3 a5 9. O-O d6 10. h3 b6 11. Nh2 Bb7 12. Bd5 Rb8 13. Ne2 Ne7 14. Bxb7 Rxb7 15.
f4 c5 16. f5 Nc6 17. c3 d5 18. Ng3 d4 19. c4 b5 20. b3 b4 21. a4 Ne7 22. Ng4 Bg5
23. f6 Ng6 24. fxg7 Kxg7 25. Nh5+ Kh8 26. g3 Rg8 27. Kh2 Rb6 28. Rxf7 Qe8 29.
Rf3 Qe7 30. Qe2 Rf8 31. Rxf8+ Nxf8 32. Rf1 Rb8 33. Rf5 Ng6 34. Qf1 Rf8 35. Rxf8+
Nxf8 36. h4 Bxh4 37. gxh4 Qxh4+ 38. Qh3 Ng6 39. Qxh4 Nxh4 40. Nxe5 Ng6 41. Nxg6+
hxg6 42. Nf6 Kg7 43. Nd7 1-0

[Event "Invitation"]
[Site "http://www.queenalice.com/game.php?id=1613970"]
[Date "2020.5.26"]
[Round "-"]
[White "yellowski"]
[Black "kd4hls"]
[Result "1/2-1/2"]
[WhiteElo "1723"]
[BlackElo "1125"]

1. e4 e5 2. Nf3 Nc6 3. Bc4 Bc5 4. Nc3 Nf6 5. d3 d6 6. h3 O-O 7. a3 a5 8. Nd5
Nxd5 9. Bxd5 Bd7 10. Bg5 Qe8 11. O-O Rb8 12. Nh2 Be6 13. Bxc6 Qxc6 14. Be3 b6
15. c4 b5 16. Bxc5 Qxc5 17. b3 bxc4 18. bxc4 Qd4 19. Nf3 Qc5 20. Qc2 f6 21. Nd2
Qc6 22. Rfb1 Rb6 23. Rb3 Rfb8 24. Rab1 f5 25. Rxb6 Rxb6 26. f3 Qc5+ 27. Kf1 Qxa3
28. Qc1 Qxd3+ 29. Kg1 Qd4+ 30. Kh2 Qe3 31. Ra1 h6 32. Rxa5 c5 33. Rb5 Ra6 34.
Rb3 Qg5 35. Rd3 fxe4 36. fxe4 Qf4+ 37. Kg1 Qg5 38. Qb2 Qe7 39. Ra3 Qa7 40. Rxa6
Qxa6 41. Qc2 Qa1+ 42. Kh2 Qd4 43. Kg3 Qe3+ 44. Kh2 Qf4+ 45. Kg1 Qe3+ 46. Kh2
Qf4+ 47. Kg1 Qe3+ 48. Kh2 Qf4+ 49. Kg1 Qe3+ 50. Kh2 Qf4+ 51. Kg1 Qe3+ 52. Kh2
1/2-1/2

[Event "Challenge"]
[Site "http://www.queenalice.com/game.php?id=1613971"]
[Date "2020.5.26"]
[Round "-"]
[White "yellowski"]
[Black "poeleabois"]
[Result "1-0"]
[WhiteElo "1732"]
[BlackElo "1578"]

1. e4 e5 2. Nf3 d6 3. h3 a6 4. Bc4 Nf6 5. d3 h6 6. Nc3 Be7 7. Nh2 O-O 8. a3 Nc6
9. O-O Nd4 10. f4 exf4 11. Bxf4 b5 12. Ba2 Bb7 13. Ne2 Nxe2+ 14. Qxe2 Nh5 15.
Qxh5 Bf6 16. c3 c5 17. Ng4 Bg5 18. Bxg5 hxg5 19. Bxf7+ Rxf7 20. Qxf7+ Kh7 21.
Qxb7 Rb8 22. Qd5 Kg6 23. Rf7 c4 24. d4 Kh5 25. Qf5 Kh4 26. Rxg7 1-0

[Event "Challenge"]
[Site "http://www.queenalice.com/game.php?id=1614879"]
[Date "2020.6.2"]
[Round "-"]
[White "yellowski"]
[Black "kd4hls"]
[Result "1-0"]
[WhiteElo "1732"]
[BlackElo "1199"]

1. e4 e5 2. Bc4 Bc5 3. Nf3 Nf6 4. d3 O-O 5. Nxe5 d6 6. Nf3 Bg4 7. Nc3 Nc6 8. h3
Bd7 9. a3 a5 10. Bg5 Nd4 11. Nd5 h6 12. Bxf6 gxf6 13. Nxd4 Bxd4 14. c3 Ba7 15.
Qf3 f5 16. exf5 c6 17. Ne3 d5 18. Ba2 Qf6 19. O-O Kh7 20. Qh5 Rg8 21. Ng4 Qg5
22. Qxg5 Rxg5 23. Nf6+ Kg7 24. Nxd7 Rxf5 25. d4 b5 26. Bb1 Rf4 27. g3 Re4 28.
Bxe4 dxe4 29. Nc5 Bxc5 30. dxc5 Re8 31. Rfe1 f5 32. Rad1 Re6 33. Rd6 1-0

[Event "Invitation"]
[Site "http://www.queenalice.com/game.php?id=1617014"]
[Date "2020.6.17"]
[Round "-"]
[White "kd4hls"]
[Black "yellowski"]
[Result "0-1"]
[WhiteElo "1199"]
[BlackElo "1732"]

1. d4 d5 2. Bf4 Nc6 3. e3 Bf5 4. Be2 Nf6 5. Nf3 h6 6. O-O a6 7. c4 e6 8. c5 Be7
9. Nc3 O-O 10. a3 Nh7 11. b4 g5 12. Be5 Nxe5 13. Nxe5 f6 14. Ng4 Bxg4 15. Bxg4
f5 16. Bh5 c6 17. Bg6 Nf6 18. Na4 Kg7 19. Bh5 Kh7 20. Be2 Qe8 21. Nb6 Rb8 22.
Bd3 Bd8 23. a4 Bc7 24. a5 Bxb6 25. axb6 Qh5 26. Be2 Qg6 27. f4 g4 28. Bd3 Kg7
29. Ra2 Rh8 30. Qe2 Ra8 31. Rfa1 Rab8 32. Qf2 Rhc8 33. Qe1 Qf7 34. g3 h5 35. Rg2
Rh8 36. Qf2 Qg6 37. Ra3 Kf7 38. Qf1 h4 39. Raa2 hxg3 40. Rxg3 Rh4 41. Rgg2 Rh3
42. Rg3 Rh4 43. Rgg2 Rh3 44. Rg3 Rxg3+ 45. hxg3 Rh8 46. Rh2 Rxh2 47. Kxh2 Qh5+
48. Kg1 Qh3 49. Qxh3 gxh3 50. Kh2 Ng4+ 51. Kxh3 Nf2+ 52. Kh4 Nxd3 53. Kg5 Nxb4
54. g4 fxg4 0-1

[Event "Challenge"]
[Site "http://www.queenalice.com/game.php?id=1617215"]
[Date "2020.6.19"]
[Round "-"]
[White "yellowski"]
[Black "MADMIKE"]
[Result "1/2-1/2"]
[WhiteElo "1723"]
[BlackElo "1871"]

1. e4 e5 2. Nf3 d6 3. h3 h6 4. Bc4 Nf6 5. d3 Be7 6. Nc3 O-O 7. Nh2 Nc6 8. a3 a6
9. O-O Nd4 10. f4 exf4 11. Bxf4 b5 12. Ba2 c6 13. Ne2 Nxe2+ 14. Qxe2 Bb7 15. Ng4
Nh7 16. Nxh6+ gxh6 17. Bxh6 Bf6 18. Bxf8 Qxf8 19. Qg4+ Kh8 20. Qh5 Qg7 21. c3
Rg8 22. g4 c5 23. Bxf7 Rf8 24. Bg6 Kg8 25. Bxh7+ Qxh7 26. Qxh7+ Kxh7 27. Kg2 Kg7
28. Rf2 Be5 29. Rxf8 Kxf8 30. Rf1+ Kg7 31. Rf5 a5 32. Rf2 d5 33. exd5 Bxd5+ 34.
Kf1 Bd6 35. Ke2 Kg6 36. h4 Be7 37. Rh2 Be6 38. Kf3 Bd5+ 39. Ke2 Be6 40. Kf3 Bd5+
41. Ke3 c4 42. dxc4 Bxc4 43. Rh1 Be6 44. Kf4 Bd6+ 45. Ke3 Bxg4 46. Kd4 Kh5 47.
Re1 Kxh4 48. Re4 Kg3 49. Rxg4+ Kxg4 50. b4 axb4 51. axb4 Kf5 52. c4 1/2-1/2

[Event "Challenge"]
[Site "http://www.queenalice.com/game.php?id=1620005"]
[Date "2020.7.11"]
[Round "-"]
[White "kd4hls"]
[Black "yellowski"]
[Result "0-1"]
[WhiteElo "1362"]
[BlackElo "1745"]

1. d4 d5 2. Bf4 Nf6 3. e3 a6 4. Nf3 e6 5. c4 Bb4+ 6. Nc3 Bxc3+ 7. bxc3 O-O 8. c5
Nh5 9. c4 Nxf4 10. exf4 Nc6 11. cxd5 Qxd5 12. Be2 Rd8 13. O-O Nxd4 14. Nxd4 Qxd4
15. Rc1 Qxd1 16. Bxd1 Bd7 17. a4 Bc6 18. a5 Rd4 19. g3 Rad8 20. Bg4 g6 21. Bh3
Kf8 22. Bg2 Bxg2 23. Kxg2 Ke7 24. Rfe1 Rb4 25. Ra1 Rdd4 26. Re2 Rb5 27. Re5 Rc4
0-1

[Event "Challenge"]
[Site "http://www.queenalice.com/game.php?id=1622824"]
[Date "2020.8.4"]
[Round "-"]
[White "yellowski"]
[Black "NOVAG91"]
[Result "1-0"]
[WhiteElo "1758"]
[BlackElo "1654"]

1. e4 e5 2. Nf3 Nc6 3. Bc4 Nf6 4. d3 d5 5. exd5 Nxd5 6. h3 a6 7. a3 b5 8. Ba2
Bb7 9. O-O Bc5 10. Nc3 Nxc3 11. bxc3 O-O 12. Be3 Bd6 13. Bd5 Qd7 14. Ng5 Nd8 15.
Bxb7 Nxb7 16. Ne4 Be7 17. f4 c5 18. fxe5 Nd8 19. Bxc5 Ne6 20. Bxe7 Qxe7 21. Qg4
Nc5 22. d4 Na4 23. Rf3 Rab8 24. Rg3 g6 25. Nf6+ Kh8 26. h4 h6 27. h5 g5 28. Nd7
Rg8 29. Nxb8 Rxb8 30. Qf5 1-0

[Event "Challenge"]
[Site "http://www.queenalice.com/game.php?id=1622831"]
[Date "2020.8.4"]
[Round "-"]
[White "yellowski"]
[Black "paolop69"]
[Result "1-0"]
[WhiteElo "1746"]
[BlackElo "1599"]

1. e4 e5 2. Nf3 d6 3. h3 a6 4. Bc4 h6 5. a3 Be7 6. Nc3 c6 7. d3 Nf6 8. O-O Be6
9. Ba2 Bxa2 10. Rxa2 b5 11. Nh2 g6 12. f4 Nbd7 13. f5 g5 14. d4 c5 15. dxc5 Nxc5
16. Qe2 Qb6 17. Be3 Bd8 18. b4 Qa7 19. bxc5 dxc5 20. Bf2 Bb6 21. Rd1 c4 22. Bxb6
Qxb6+ 23. Kh1 O-O 24. Raa1 Rfd8 25. Ng4 Rxd1+ 26. Rxd1 Nxg4 27. hxg4 f6 28. Nd5
Qc6 29. Ne7+ 1-0